000 00580nam a2200217 i 4500
001 C2-0288246
003 PPAK
005 20180728021404.0
008 080424s1996 xx a|||| ||||| | may d
040 _aPPAK
_beng
_cPPAK
_erda
082 0 4 _a320.959
_223
090 0 0 _a320.959
_bUMN
_dKZZ
245 0 0 _aPerhimpunan Perdana 50 tahun UMNO
_bUMNO dalam abad ke -21
264 1 _c1996
300 _a52 pages :
_bcolour illustrations ;
_c26 cm
336 _2rdacontent
_atext
337 _2rdamedia
_aunmediated
338 _2rdacarrier
_avolume
650 1 0 _aUMNO
942 _ddc
_cB
999 _c93875
_d93875